| 000 | 00468nam a2200181Ia 4500 | ||
|---|---|---|---|
| 001 | 9208 | ||
| 005 | 20260306160706.0 | ||
| 008 | 260306t2007||||xx |||||||||||||| ||spa|| | ||
| 041 | _aESP | ||
| 082 |
_a375.001 _bU61 |
||
| 100 |
_aPerú. Universidad César Vallejo. Escuela Internacional de Postgrado _eAUT |
||
| 245 | 0 | _aEvaluación curricular | |
| 260 | _c2007 | ||
| 300 |
_a296 páginas : _c21 cm. |
||
| 650 | _aGEN | ||
| 654 | _aCED | ||
| 942 |
_cLIB _dJUS _fJUS _2ddc _n |
||
| 999 |
_c9208 _d9208 |
||